English Premier League Winners - Statistics

General Stats
  • This quiz has been taken 576 times
    148 since last reset
  • The average score is 4 of 14
Answers on the Grid
Answers color-coded by a green-red scale on the quiz's grid according to % correct below.
Henning Berg
Danny Simpson
Fabian Delph
Steve Guppy
Kleberson
Ronny Johnsen
Nathan Dyer
Ritchie De Laet
Ben Hamer
Wayne Rooney
Gareth Bale
Steven Gerrard
Frank Lampard
Eden Hazard
Paul Pogba
Juan Mata
Les Ferdinand
Matt Le Tissier
Ruud Guillet
Gianfranco Zola
Luis Saurez
Fernando Torres
Petr Cech
John Terry
Luke Shaw
Ashley Young
Steve Finnan
Darren Gibson
Alan Shearer
Alexis Sanchez
 
Answer Stats
Answer % Correct
Wayne Rooney
62%
Frank Lampard
59%
Eden Hazard
56%
Fabian Delph
44%
John Terry
43%
Danny Simpson
38%
Petr Cech
34%
Alan Shearer
26%
Henning Berg
21%
Ronny Johnsen
16%
Ashley Young
15%
Ritchie De Laet
10%
Nathan Dyer
7%
Darren Gibson
4%
No matching quizzes found
Score Distribution
Percent of People with Each Score
Percentile by Number Answered
Your Score History
You have not taken this quiz since the last reset